The physical chemistry of materials (Record no. 355940)

000 -LEADER
fixed length control field 01502cam a2200409 a 4500
001 - CONTROL NUMBER
control field 8850113
003 - CONTROL NUMBER IDENTIFIER
control field USPCAS-E
005 - DATE AND TIME OF LATEST TRANSACTION
control field 20180118181418.0
006 - FIXED-LENGTH DATA ELEMENTS--ADDITIONAL MATERIAL CHARACTERISTICS
fixed length control field m d
007 - PHYSICAL DESCRIPTION FIXED FIELD--GENERAL INFORMATION
fixed length control field cr n
008 - FIXED-LENGTH DATA ELEMENTS--GENERAL INFORMATION
fixed length control field 090903s2010 flua sb 001 0 eng d
015 ## - NATIONAL BIBLIOGRAPHY NUMBER
National bibliography number GBA971759
Source bnb
015 ## - NATIONAL BIBLIOGRAPHY NUMBER
National bibliography number 015-33193
Source bnb
016 7# - NATIONAL BIBLIOGRAPHIC AGENCY CONTROL NUMBER
Record control number 015331935
Source Uk
020 ## - INTERNATIONAL STANDARD BOOK NUMBER
International Standard Book Number 9781420082722 (hardcover : alk. paper)
020 ## - INTERNATIONAL STANDARD BOOK NUMBER
International Standard Book Number 1420082728 (hardcover : alk. paper)
035 ## - SYSTEM CONTROL NUMBER
System control number (WaSeSS)ssj0000306005
040 ## - CATALOGING SOURCE
Original cataloging agency DLC
Transcribing agency DLC
Modifying agency C#P
-- UKM
-- AGL
-- GBVCP
-- DLC
-- WaSeSS
050 #4 - LIBRARY OF CONGRESS CALL NUMBER
Classification number TA403
Item number .R567 2010
070 0# - NATIONAL AGRICULTURAL LIBRARY CALL NUMBER
Classification number TA403
Item number .R567 2010
082 00 - DEWEY DECIMAL CLASSIFICATION NUMBER
Classification number 620.11
Edition number 22
Author Mark ROQ-P 2010
100 1# - MAIN ENTRY--PERSONAL NAME
Personal name Roque-Malherbe, Rolando M. A.
210 10 - ABBREVIATED TITLE
Abbreviated title The physical chemistry of materials
245 14 - TITLE STATEMENT
Title The physical chemistry of materials
Remainder of title energy and environmental applications
Statement of responsibility, etc. Rolando M.A. Roque-Malherbe.
260 ## - PUBLICATION, DISTRIBUTION, ETC.
Place of publication, distribution, etc. Boca Raton :
Name of publisher, distributor, etc. CRC Press,
Date of publication, distribution, etc. c2010.
502 ## - DISSERTATION NOTE
Dissertation note .
504 ## - BIBLIOGRAPHY, ETC. NOTE
Bibliography, etc. note Includes bibliographical references and index.
506 ## - RESTRICTIONS ON ACCESS NOTE
Terms governing access License restrictions may limit access.
650 #0 - SUBJECT ADDED ENTRY--TOPICAL TERM
Topical term or geographic name entry element Materials science.
650 #0 - SUBJECT ADDED ENTRY--TOPICAL TERM
Topical term or geographic name entry element Chemistry, Physical and theoretical.
773 #0 - HOST ITEM ENTRY
Title MATERIALSnetBASE
773 #0 - HOST ITEM ENTRY
Title CHEMLIBnetBASE
856 40 - ELECTRONIC LOCATION AND ACCESS
Uniform Resource Identifier <a href="http://www.columbia.edu/cgi-bin/cul/resolve?clio8850113.001">http://www.columbia.edu/cgi-bin/cul/resolve?clio8850113.001</a>
Public note Full text available from CHEMLIBnetBASE
856 40 - ELECTRONIC LOCATION AND ACCESS
Uniform Resource Identifier <a href="http://www.columbia.edu/cgi-bin/cul/resolve?clio8850113.002">http://www.columbia.edu/cgi-bin/cul/resolve?clio8850113.002</a>
Public note Full text available from MATERIALSnetBASE
910 ## - USER-OPTION DATA (OCLC)
User-option data Library of Congress record
942 ## - ADDED ENTRY ELEMENTS (KOHA)
Source of classification or shelving scheme
Koha item type Book
Holdings
Withdrawn status Lost status Source of classification or shelving scheme Damaged status Not for loan Collection code Permanent Location Current Location Shelving location Date acquired Source of acquisition Cost, normal purchase price Total Checkouts Full call number Barcode Date last seen Price effective from Koha item type Copy number
            US-Pakistan Center for Advanced Studies in Energy (USPCAS-E) US-Pakistan Center for Advanced Studies in Energy (USPCAS-E)   01/12/2016 Golden 12504.00   620.11 ROQ-P 2010 CAS-E0001363 01/12/2016 01/12/2016 Book  
            US-Pakistan Center for Advanced Studies in Energy (USPCAS-E) US-Pakistan Center for Advanced Studies in Energy (USPCAS-E)   01/12/2016 Golden 12504.00   620.11 ROQ-P 2010 CAS-E0001364 01/12/2016 01/12/2016 Book C.2
            US-Pakistan Center for Advanced Studies in Energy (USPCAS-E) US-Pakistan Center for Advanced Studies in Energy (USPCAS-E)   01/12/2016 Golden 12504.00   620.11 ROQ-P 2010 CAS-E0001365 01/12/2016 01/12/2016 Book C.3
© 2023 Central Library, National University of Sciences and Technology. All Rights Reserved.